000
00205 a2200097 4500
001
2856
100
_a
Bennett, H.S.
245
_a
England from chaucer
260
_a
_b
Methuen & Co
_c
090
_c
2151
_d
2151
942
_a
NUST-CAE
_c
M
_c
12792
999
_c
237929
_d
237929